| 000 | 00658na a2200241 4500 | ||
|---|---|---|---|
| 001 | 19543 | ||
| 003 | MIRAKIL | ||
| 005 | 20181213154940.0 | ||
| 008 | 170116b tu 000 0 | ||
| 020 | _a9789758752881 | ||
| 035 | _a19543 | ||
| 040 |
_aMilas _btur _cTR-AnCHP |
||
| 041 | _atur | ||
| 082 |
_a327.1561 _bE63t 2010 |
||
| 090 | _a327.1561 E63t 2010 | ||
| 100 | _aErhan, Çağrı | ||
| 245 |
_aTürk dış politikasının güncel sorunları _cÇağrı Erhan |
||
| 260 |
_aAnkara _bİmaj Yayınevi _c2010 |
||
| 300 |
_a285 s. _c24 sm. |
||
| 650 |
_aDış politika _xSorunlar _zTürkiye |
||
| 650 |
_aDış politika _zTürkiye |
||
| 942 |
_2ddc _cBKS |
||
| 999 |
_c3687 _d3687 |
||